Music Quiz

Random Music or Rock Quiz

Rock 'n Roll Hall of Fame: First Names Quiz Stats

 Plays Quiz Updated Dec 13, 2017

Challenge
Share
Tweet
Embed
Score 0/86 Timer 14:00
0 Plays Today
First Name % Correct
John
96%
Bo
94.8%
Paul
94%
Bob
93.6%
David
93.6%
Bruce
93.4%
Elvis
92.8%
Bill
91.6%
Eric
90.9%
Billy
89.9%
Johnny
89.3%
Frank
88.4%
Al
87.4%
Buddy
87.3%
Neil
86.7%
Michael
86.5%
Janis
86.1%
James
85.4%
Peter
84.7%
Stevie
84.2%
Marvin
84.1%
Roy
83.2%
George
83.1%
Elton
81.5%
Chuck
80.4%
Aretha
79.4%
Otis
79.4%
Jerry
78.3%
Bobby
76.8%
First Name % Correct
Fats
75.1%
Lou
74.7%
Ray
74.2%
Joan
73.2%
Bonnie
72.6%
Linda
72.3%
Sam
72.2%
B.B.
71%
Donna
70.7%
Tupac
69.9%
Van
69.1%
Joni
68.1%
Rod
67.4%
Tom
66.4%
Cat
65.1%
Jeff
62.9%
Eddie
62.2%
Wilson
61.5%
Dusty
61.5%
Nina
61.2%
Jackson
58.9%
Curtis
56.5%
Ricky
56.4%
Carl
56.4%
Leonard
55.4%
Ritchie
54.9%
Muddy
54.5%
Madonna
53.1%
Del
52.4%
First Name % Correct
Prince
51.8%
Jimmy
51.4%
Etta
51.3%
Randy
50.7%
Percy
50.3%
Smokey
49.1%
Joe
42.4%
Isaac
41.7%
Gene
41.3%
Miles
40.3%
Richard
36%
Dion
33.8%
Patti
31.9%
Duane
30.8%
Willie
30.6%
Jackie
30.1%
Albert
28.1%
Brenda
23.7%
Charlie
22.6%
Hank
21.2%
Laura
20.6%
Clyde
17.8%
Donovan
17.1%
Darlene
16.6%
Solomon
16.3%
Lloyd
8.4%
LaVern
6.8%
Ruth
6.6%

You're not logged in!

Compare scores with friends on all Sporcle quizzes.
Join for Free
OR
Log In

You Might Also Like...

Show Comments

Extras

Top Quizzes Today


Score Distribution

Your Account Isn't Verified!

In order to create a playlist on Sporcle, you need to verify the email address you used during registration. Go to your Sporcle Settings to finish the process.

Report this User

Report this user for behavior that violates our Community Guidelines.

Details: